L'enfant et le mensonge : verites et mensonges de l'enfant et de l'adolescent

Saved in:
Bibliographic Details
Main Author: Bascou, J. R.
Format: Book
Language:French
Published: Toulouse : Privat, c1975
Series:Educateurs
Subjects:
Tags: Add Tag
No Tags, Be the first to tag this record!

MARC

LEADER 00000cam a2200000 i 4500
001 1/70846
008 960717s1975 fre d
020 |a 2-7089-7034-5  |c 36.00F 
035 |l 10030773 
035 |a 1988  |b 1  |c Τσιάκαλος 
040 |a GR-MY-UA  |b gre  |e aacr 
041 0 |a fre 
082 0 |a 155.418 
100 1 |a Bascou, J. R. 
245 1 0 |a L'enfant et le mensonge :  |b verites et mensonges de l'enfant et de l'adolescent /  |c J. R. Bascou 
260 |a Toulouse :   |b Privat,   |c c1975 
300 |a 272 p.;  |c 21 cm 
490 1 |a Educateurs 
504 |a Βιβλιογραφία: σ. [265]-268 
650 0 0 |a Truthfulness and falsehood in children. 
650 0 0 |a Child psychology. 
650 0 0 |a Adolescent psychology. 
650 0 0 |a Honesty  |x Psychological aspects. 
830 0 |a Educateurs 
852 |a INST  |b RHODES  |e 19960717  |h 155.418 BAS  |p 005400003657  |q 005400003657  |t BK  |y 0 
909 |a Ρ  |b 005808  |c 1987